World Capitals Ending in -S - Statistics

General Stats
  • This quiz has been taken 469 times
  • The average score is 10 of 13
Answer Stats
Answer % Correct
Tunis
82%
Caracas
81%
Algiers
80%
Brussels
79%
Athens
78%
Paris
78%
Buenos Aires
76%
Vilnius
73%
Damascus
70%
Castries
69%
Saint John's
68%
Saint George's
65%
Port Louis
61%
No matching quizzes found
Score Distribution
Percent of People with Each Score
Percentile by Number Answered
Your Score History
You have not taken this quiz